Building competitive firms (Record no. 22689)
[ view plain ]
| 000 -LEADER | |
|---|---|
| fixed length control field | 01474nam a2200385Ia 4500 |
| 082 04 - DEWEY DECIMAL CLASSIFICATION NUMBER | |
| Classification number | 658/.049 |
| 245 00 - TITLE STATEMENT | |
| Title | Building competitive firms |
| 260 ## - PUBLICATION, DISTRIBUTION, ETC. (IMPRINT) | |
| Place of publication | Washington, DC : |
| Name of publisher | World Bank, |
| Year of publication | 2002. |
| 300 ## - PHYSICAL DESCRIPTION | |
| Number of Pages | vii, 205 p. : |
| Other physical details | ill. |
| 490 1# - SERIES STATEMENT | |
| Series statement | Directions in development |
| 650 #0 - SUBJECT ADDED ENTRY--TOPICAL TERM | |
| Topical Term | Competition, International. |
| Topical Term | International trade. |
| Topical Term | Investments, Foreign. |
| Topical Term | Competition. |
| Topical Term | Technological innovations |
| Topical Term | Organizational effectiveness. |
| Topical Term | Industrial efficiency. |
| 700 1# - ADDED ENTRY--PERSONAL NAME | |
| Personal name | Nabi, Ijaz. |
| Personal name | Luthria, Manjula. |
| 856 40 - ELECTRONIC LOCATION AND ACCESS | |
| Uniform Resource Identifier | http://site.ebrary.com/lib/rucke/Doc?id=10023659 |
No items available.
